Ausgestorbene Tiere Afrikas - Karten Quiz - Statistiken

Allgemein
  • Dieses Quiz wurde 37 mal gespielt
  • Das Durchschnittsergebnis liegt bei 5 aus 13
Antworten auf der Karte
Die Antworten werden auf der Karte rot bzw. grün angezeigt, abhängig davon wie oft sie richtig erraten wurden.
 
Antwortstatistiken
Antwort % Korrekt
Atlasbär (1870)
70%
Dodo (1681)
59%
Afrikanischer Auerochse (Römerzeit)
56%
Elefantenvogel (um 1400)
41%
Westliches Spitzmaulnashorn (2006)
41%
Viktoriabarsch Haplochromis bareli (um 1985)
37%
Quagga (1883)
33%
Nordöstliches Spitzmaulnashorn (um 2011)
30%
Mount-Kenya-Potto (vor 1938)
26%
Nubischer Wildesel (1970er)
26%
Aldabraspötter (1983)
15%
Roberts' Letschwe (1980er)
15%
Riesenskink (1940)
11%
Keine übereinstimmenden Quizze gefunden
Verteilung der Resultate
Anzahl Personen mit jedem Resultat
Perzentil nach korrekt beantworteten Fragen
Ihre Resultats-Entwicklung
Sie haben dieses Quiz noch nicht gespielt